Falsos síndromes apendiculares (Record no. 17712)

MARC details
000 -LEADER
campo de control de longitud fija 01113nam a2200241 i 4500
001 - NÚMERO DE CONTROL
campo de control 17712
003 - IDENTIFICADOR DE NÚMERO DE CONTROL
campo de control ES-MaACL
005 - FECHA Y HORA DE LA ÚLTIMA TRANSACCIÓN
campo de control 20230906151640.0
007 - CAMPO FIJO DE DESCRIPCIÓN FÍSICA--INFORMACIÓN GENERAL
campo de control de longitud fija t|
008 - DATOS DE LONGITUD FIJA--INFORMACIÓN GENERAL
campo de control de longitud fija 010508s1963 sp f |||| | spa d
080 ## - NÚMERO DE LA CLASIFICACIÓN DECIMAL UNIVERSAL
Número de la Clasificación Decimal Universal 616.346.2-002(08)
100 1# - ENTRADA PRINCIPAL--NOMBRE DE PERSONA
Nombre de persona Faro Moreno, Jesús María.
9 (RLIN) 48879
245 10 - MENCIÓN DEL TÍTULO
Título Falsos síndromes apendiculares
Resto del título : diagnóstico diferencial clínico /
Mención de responsabilidad, etc. por Jesús María Faro Moreno . Métodos de diagnósticos complementarios en las seudoapendicopatías crónicas / por Ramón Celma Delgado . Seudo-apendicitis crónicas en la infancia / por Abel Ramiro García.
260 ## - PUBLICACIÓN, DISTRIBUCIÓN, ETC.
Lugar de publicación, distribución, etc. Zaragoza :
Nombre del editor, distribuidor, etc. Institución "Fernando el Católico",
Fecha de publicación, distribución, etc. 1963.
300 ## - DESCRIPCIÓN FÍSICA
Extensión 207 p., [12] h. de lám. ;
Dimensiones 25 cm.
594 ## - Nota al título y mención de responsabilidad
Nota al título y mención de responsabilidad IV Jornadas Médicas Aragonesas, Zaragoza, 18-22 mayo 1963. Ponencia Seudo-apendicitis I.
650 14 - PUNTO DE ACCESO ADICIONAL DE MATERIA--TÉRMINO DE MATERIA
Término de materia o nombre geográfico como elemento de entrada Apendicitis.
9 (RLIN) 9917
700 1# - ENTRADA AGREGADA--NOMBRE PERSONAL
Nombre de persona Celma Delgado, Ramón.
9 (RLIN) 37375
700 1# - ENTRADA AGREGADA--NOMBRE PERSONAL
Nombre de persona Ramiro García, Antonio Abel.
9 (RLIN) 95187
710 2# - ENTRADA AGREGADA--NOMBRE DE ENTIDAD CORPORATIVA
Nombre de entidad corporativa o nombre de jurisdicción como elemento de entrada Institución "Fernando el Católico"
9 (RLIN) 4721
711 2# - ENTRADA AGREGADA--NOMBRE DE REUNIÓN
Nombre de congreso/reunión o jurisdicción como elemento de entrada Jornadas Médicas Aragonesas (
Número del congreso/reunión o número de parte o sección 4º.
Fecha del congreso o de la firma del tratado 1963.
Sede del congreso/Lugar de la reunión Zaragoza)
9 (RLIN) 836
852 ## - LOCALIZACIÓN
Ubicación ES-MaACL
Número de control de estantería A-275
Holdings
Estatus retirado Estado de pérdida Estado de daño No para préstamo Biblioteca de origen Biblioteca actual Ubicación en estantería Fecha de adquisición Fuente de adquisición Total de préstamos Signatura topográfica completa Código de barras Visto por última vez Precio de reemplazo Tipo de ítem Koha
        Biblioteca del Ateneo de Madrid Biblioteca del Ateneo de Madrid Sala Pecera Planta 1 17/01/2008     A-275 1018068 23/02/2023 23/02/2023 Libro impreso